Регионална библиотека "Любен Каравелов" - Русе

Вечните огньове (Запис номер 141834)

MARC детайли
000 -Лидер
Контролно поле с фиксирана дължина 01434nam a2200337 c 4500
003 - Код на организацията, давaща контролен номер
Контролно поле BLK
005 - Дата и час на последна редакция
Контролно поле 20180422112349.0
008 - Елементи от данни с фиксирана дължина
fixed length control field 180409b bul|||||r ||||||| ||bul||
010 ## - Наследен системен номер
LC control number KNG00147909000
040 ## - Източник на каталожния запис
Идентификатор на билиотеката - собственик на записа BLK
041 ## - Код за език
Код за езика на текст/звукозапис или на отделно заглавие Български
Код за езика КДБФ Български
080 ## - УДК
Текстов определител УДК Българска литература
УДК код - определител по УДК 821.163.2
УДК определител -93-32
УДК - код + определител 821.163.2-93-32
100 1# - Редна дума - Автор
Автор Славински, Петър
Авторска отговорност първи автор
Автор - информация (биография) Чолаков, Петър Атанасов
R(LIN) 309667
139 ## - Редно поле
Редна дума Славински, Петър
Авторски знак Слави - С 43
245 10 - Сведения за заглавието
Заглавие Вечните огньове
Подзаглавни данни Разказ
Редно поле (дума) Петър Славински; худож. Златка Иванова Дъбова; * Петър Атанасов Чолаков.
257 ## - Страна на издаване
Страна на създаване/издаване България
260 ## - Област на издателските данни
-- София
Име на издателя, разпространителя и проч. Нар. младеж
Година на издаване 1960
300 ## - Физическа характеристика
Страници 32 с.
Илюстрации и др. с ил.
Размери/Мащаб 17Х25 см
380 ## - Жанр
Жанр Детска худож. лит.
490 1# - СЕРИИ (Колекции)
Име на серия Библиотека Дружинка
№: серия № 6
500 ## - Общи забележки
Забележка Пълното име на авт. Петър Атанасов Чолаков. - 30 100 тир.
653 ## - Ключова дума – ненормативна
Ключова дума литература за деца
653 ## - Ключова дума – ненормативна
Ключова дума детска литература
700 1# - Други автори (авторска отговорност)
Лично име Дъбова, Златка Иванова
Автороска отговорност (Описва отношението между автора и произведението) худож.
9 (RLIN) 376311
700 1# - Други автори (авторска отговорност)
Лично име Чолаков, Петър Атанасов
Автороска отговорност (Описва отношението между автора и произведението) *
9 (RLIN) 327431
852 ## - Местоположение
Форматна сигнатура Цб І 34963
856 4# - Електронен адрес и достъп
Електронен формат pdf - файл
Път до файла /url/
856 4# - Електронен адрес и достъп
Електронен формат pdf - файл
Път до файла /url/
942 ## - АРТИКУЛИ
Вид на библиотечния материал Книги
Скрит в OPAC Не
944 ## - СЪЗДАВАНЕ И РЕДАКЦИЯ на ЗАПИСА
Създаване/Редакция Създаване
Дата на регистрацията/редакция 31.07.2013
Статус, дата на статуса ф / 31.07.2013
Служител, извършил регистрацията/редакцията Люсиена_Милчева
944 ## - СЪЗДАВАНЕ И РЕДАКЦИЯ на ЗАПИСА
Създаване/Редакция Редакция
Дата на регистрацията/редакция 31.07.2013
Статус, дата на статуса ф / 31.07.2013
Служител, извършил регистрацията/редакцията
999 ## - СИСТЕМНИ КОНТРОЛНИ НОМЕРА
Koha biblionumber 141834
Koha biblioitemnumber 141834
Наличности
Код за отписване Код за изгубен артикул Източник на класификационната схема Код за повреда Коз за рестрикции Код за отдаване Артикулен № Име на библиотеката - собственик Име на библиотеката, в която се намира в момента Статус (Текущо местоположение) Дата на вписване в системата Местоположение - отдел Цена в лева Инвентарен номер Систематично азбучна сигнатура Баркод Номер на екземпляра Цена в евро Служебна бележка Служебен тип на артикула
  Не е изгубен Universal Decimal Classification Не е повреден без рестрикции ползва се в читалня 233998 Регионална библиотека "Любен Каравелов" Русе Регионална библиотека "Любен Каравелов" Русе Хранилище 1960-01-01 Хранилище 0.15 10142/60 Цб І 34963 900000021566 1 0.08 Вид: Сф N: стар фонд Дата: 01.01.1960 Книги
Изтеглен Не е изгубен Universal Decimal Classification Не е повреден без рестрикции заемане за дома 233999 Регионална библиотека "Любен Каравелов" Русе Регионална библиотека "Любен Каравелов" Русе Детски отдел 1960-01-01 Детски отдел 0.00 8476/60 ДХ 886.7/С 43 8476/60 2 0.00 Вид: Сф N: стар фонд Дата: 01.01.1960 Дата инв: 28.08.2015 Бележки инв: Д2015 Книги
Vip Innovations Ltd, Rousse, Bulgaria 2025